000
00245nam a2200097Ia 4500
008
230907s9999||||xx |||||||||||||| ||und||
082
_a
629.8,COO
245
0
_a
Coordination control of distributed systems/
300
_a
xix, 398 p.:
942
_c
BK
999
_c
597630
_d
597630